| 000 | 00469pab a2200169 454500 | ||
|---|---|---|---|
| 008 | 180718b1997 xxu||||| |||| 00| 0 eng d | ||
| 100 | _aBaum, Scott | ||
| 245 | _aSydney, Australia: a global city? testing the social polarisation thesis | ||
| 260 | _c1997 | ||
| 300 | _ap.1881-901 | ||
| 362 | _aNov | ||
| 650 | _aCities and towns - Australia | ||
| 650 | _aUrban development - Australia | ||
| 650 | _aUrban development | ||
| 773 | _aUrban Studies | ||
| 909 | _a36721 | ||
| 999 |
_c36721 _d36721 |
||